000 00815nam a2200229Ia 4500
999 _c45348
_d45348
001 12172
003 GE_BSU
005 20221118114521.0
008 181216s2014en xx |||||||||||||| ||eng||
020 _a9780323089494 x
040 _cGE_BSU
041 _aeng
080 _a616(075.8) P-14
100 _aPagana,Kathleen Deska.
_915920
245 _aMosby's Manual of Diagnostic and Laboratory Tests /
_cKathleen Deska, Pagana, Timothy J. Pagana.
264 _a U.S.A.
_c2014.
300 _a180 p.:
_bill.
_c23 cm.
653 _aMosby's Manual of Diagnostic and Laboratory Tests.
653 _aდიაგნოსტიკური და ლაბორატორიული ტესტების სახელმძღვანელო.
700 _aPagana,Timothy J
_915921
942 _cBK
_2udc